[Event "Fagernes GM-A 2019"]
[Site "Fagernes"]
[Date "2019.04.20"]
[Round "8.20"]
[White "Machlik, Edit"]
[Black "Skotheim, Andreas"]
[Result "1/2-1/2"]
[WhiteElo "2109"]
[BlackElo "2182"]
[Annotator "NA"]
[PlyCount "171"]
[EventDate "2019.04.14"]
[EventType "tourn"]
[EventCountry "NOR"]
[SourceTitle "playchess.com"]
[Source "ChessBase"]
[SourceQuality "1"]
[TimeControl "40/7200:3600"]

1. d4 {[%emt 0:00:01]} d5 {[%emt 0:00:13]} 2. c4 {[%emt 0:00:04]} e6 {[%emt 0:00:10]} 3. Nc3 {[%emt 0:01:16]} c6 {[%emt 0:00:10]} 4. cxd5 {[%emt 0:05:36]} exd5 {[%emt 0:01:51]} 5. Bf4 {[%emt 0:02:38]} Nf6 {[%emt 0:03:10]} 6. e3 {[%emt 0:01:55]} Bd6 {[%emt 0:02:08]} 7. Bg3 {[%emt 0:03:43]} O-O {[%emt 0:05:11]} 8. Bd3 {[%emt 0:05:49]} Qe7 {[%emt 0:04:32]} 9. Qc2 {[%emt 0:05:52]} Re8 {[%emt 0:07:52]} 10. Nf3 {[%emt 0:05:39]} Nbd7 {[%emt 0:02:04]} 11. Bxd6 {[%emt 0:13:15]} Qxd6 {[%emt 0:00:04]} 12. O-O {[%emt 0:00:10]} Nf8 {[%emt 0:04:16]} 13. a3 {[%emt 0:03:08]} a5 {[%emt 0:29:32]} 14. Rab1 {[%emt 0:06:05]} b5 {[%emt 0:06:59]} 15. a4 {[%emt 0:12:50]} b4 {[%emt 0:00:48]} 16. Ne2 {[%emt 0:00:29]} Ba6 {[%emt 0:01:40]} 17. Bxa6 {[%emt 0:05:58]} Rxa6 {[%emt 0:00:02]} 18. Rbc1 {[%emt 0:01:53]} N8d7 {[%emt 0:01:54]} 19. Nf4 {[%emt 0:03:51]} Rb8 {[%emt 0:04:29]} 20. b3 {[%emt 0:01:40]} Ne4 {[%emt 0:00:47]} 21. Ne2 {[%emt 0:08:01]} Rc8 {[%emt 0:03:09]} 22. Nd2 {[%emt 0:03:15]} f5 {[%emt 0:08:15]} 23. f3 {[%emt 0:01:22]} Nxd2 {[%emt 0:00:18]} 24. Qxd2 {[%emt 0:00:02]} Raa8 {[%emt 0:01:21]} 25. Nf4 {[%emt 0:02:29]} Rf8 {[%emt 0:01:27]} 26. Rc2 {[%emt 0:02:58]} g5 {[%emt 0:02:49]} 27. Nd3 {[%emt 0:00:02]} f4 {[%emt 0:00:32]} 28. exf4 {[%emt 0:01:06]} gxf4 {[%emt 0:00:01]} 29. Re1 {[%emt 0:01:35]} Qf6 {[%emt 0:00:18]} 30. Ne5 {[%emt 0:06:15]} Nxe5 {[%emt 0:00:02]} 31. dxe5 {[%emt 0:00:17]} Qe6 {[%emt 0:01:01]} 32. Qd4 {[%emt 0:01:33]} Rf5 {[%emt 0:00:46]} 33. Rce2 {[%emt 0:01:31]} Qe7 {[%emt 0:00:27]} 34. Rc1 {[%emt 0:01:29]} Re8 {[%emt 0:00:39]} 35. Rxc6 {[%emt 0:03:22]} Rxe5 {[%emt 0:00:06]} 36. Rxe5 {[%emt 0:00:12]} Qxe5 {[%emt 0:00:04]} 37. Qxe5 {[%emt 0:00:05]} Rxe5 {[%emt 0:00:06]} 38. Rc5 {[%emt 0:00:47]} Re3 {[%emt 0:00:36]} 39. Rxa5 {[%emt 0:01:23]} Rxb3 {[%emt 0:04:17]} 40. Rxd5 {[%emt 0:00:01]} Ra3 {[%emt 0:02:15]} 41. h4 {[%emt 0:10:44]} b3 {[%emt 0:36:05]} 42. Rb5 {[%emt 0:03:07]} Kf7 {[%emt 0:04:52]} 43. Kh2 {[%emt 0:04:19]} Kg6 {[%emt 0:03:20]} 44. h5+ {[%emt 0:13:46]} Kh6 {[%emt 0:04:03]} 45. Kh3 {[%emt 0:01:59]} Rxa4 {[%emt 0:03:31]} 46. Kg4 {[%emt 0:02:30]} Ra2 {[%emt 0:00:51]} 47. Rb6+ {[%emt 0:00:44]} Kg7 {[%emt 0:03:13]} 48. h6+ {[%emt 0:03:21]} Kf7 {[%emt 0:00:56]} 49. Rb7+ {[%emt 0:06:49]} Kf6 {[%emt 0:07:06]} 50. Rxb3 {[%emt 0:03:45]} Rxg2+ {[%emt 0:00:16]} 51. Kxf4 {[%emt 0:00:02]} Rg6 {[%emt 0:02:11]} 52. Rb6+ {[%emt 0:00:40]} Kf7 {[%emt 0:00:03]} 53. Rb7+ {[%emt 0:03:22]} Kg8 {[%emt 0:00:33]} 54. Rb8+ {[%emt 0:00:13]} Kf7 {[%emt 0:00:05]} 55. Rb7+ {[%emt 0:00:07]} Kg8 {[%emt 0:00:05]} 56. Kf5 {[%emt 0:00:16]} Rxh6 {[%emt 0:00:32]} 57. Rb8+ {[%emt 0:00:08]} Kf7 {[%emt 0:00:16]} 58. Rb7+ {[%emt 0:00:01]} Kf8 {[%emt 0:00:19]} 59. f4 {[%emt 0:00:04]} Rh5+ {[%emt 0:00:35]} 60. Kg4 {[%emt 0:00:15]} Rh1 {[%emt 0:00:13]} 61. Kg5 {[%emt 0:00:18]} Rg1+ {[%emt 0:00:23]} 62. Kf6 {[%emt 0:00:05]} Rg6+ {[%emt 0:00:03]} 63. Kf5 {[%emt 0:00:01]} Rh6 {[%emt 0:00:27]} 64. Rb8+ {[%emt 0:00:03]} Kf7 {[%emt 0:00:01]} 65. Rb7+ {[%emt 0:00:16]} Kf8 {[%emt 0:00:02]} 66. Ke5 {[%emt 0:00:22]} Rh1 {[%emt 0:00:09]} 67. f5 {[%emt 0:00:10]} Rh6 {[%emt 0:00:13]} 68. Ra7 {[%emt 0:00:03]} Rb6 {[%emt 0:00:13]} 69. Rxh7 {[%emt 0:00:27]} Ra6 {[%emt 0:00:06]} 70. Rb7 {[%emt 0:00:18]} Rc6 {[%emt 0:00:06]} 71. Kf4 {[%emt 0:00:26]} Ra6 {[%emt 0:00:10]} 72. Kg5 {[%emt 0:00:02]} Rc6 {[%emt 0:00:06]} 73. Ra7 {[%emt 0:00:17]} Rb6 {[%emt 0:00:02]} 74. Ra8+ {[%emt 0:00:16]} Kf7 {[%emt 0:00:03]} 75. Rh8 {[%emt 0:00:08]} Ra6 {[%emt 0:00:11]} 76. Rh7+ {[%emt 0:00:19]} Kf8 {[%emt 0:00:26]} 77. Rc7 {[%emt 0:00:06]} Rb6 {[%emt 0:00:02]} 78. Rc4 {[%emt 0:00:02]} Kf7 {[%emt 0:00:06]} 79. Ra4 {[%emt 0:00:03]} Rc6 {[%emt 0:00:02]} 80. Ra7+ {[%emt 0:00:08]} Kf8 {[%emt 0:00:01]} 81. f6 {[%emt 0:00:04]} Rc1 {[%emt 0:00:02]} 82. Ra8+ {[%emt 0:00:02]} Kf7 {[%emt 0:00:01]} 83. Ra7+ {[%emt 0:00:01]} Kf8 {[%emt 0:00:02]} 84. Kf5 {[%emt 0:00:06]} Rf1+ {[%emt 0:00:02]} 85. Ke6 {[%emt 0:00:01]} Re1+ {[%emt 0:00:02]} 86. Kf5 {[%emt 0:00:01]} 1/2-1/2

[Event "Fagernes GM-A 2019"]
[Site "Fagernes"]
[Date "2019.04.21"]
[Round "9.1"]
[White "Turov, Maxim"]
[Black "Demchenko, Anton"]
[Result "1/2-1/2"]
[WhiteElo "2584"]
[BlackElo "2661"]
[Annotator "ChessBase"]
[PlyCount "37"]
[EventDate "2019.04.14"]
[EventType "tourn"]
[EventCountry "NOR"]
[SourceTitle "playchess.com"]
[Source "ChessBase"]
[SourceQuality "1"]
[TimeControl "40/7200:3600"]

1. d4 {[%emt 0:00:06]} Nf6 {[%emt 0:00:11]} 2. Nf3 {[%emt 0:00:06]} g6 {[%emt 0:00:07]} 3. g3 {[%emt 0:00:03]} Bg7 {[%emt 0:00:05]} 4. Bg2 {[%emt 0:00:04]} O-O {[%emt 0:00:07]} 5. O-O {[%emt 0:00:04]} d6 {[%emt 0:00:09]} 6. Re1 {[%emt 0:00:05]} Nbd7 {[%emt 0:02:55]} 7. e4 {[%emt 0:00:57]} e5 {[%emt 0:00:33]} 8. Nc3 {[%emt 0:00:29]} b6 {[%emt 0:02:05]} 9. d5 {[%emt 0:02:10]} a5 {[%emt 0:03:58]} 10. Nd2 {[%emt 0:04:28]} Nc5 {[%emt 0:06:03]} 11. Nc4 {[%emt 0:02:32]} Ba6 {[%emt 0:06:28]} 12. Bf1 {[%emt 0:03:50]} Qd7 {[%emt 0:04:18]} 13. a3 {[%emt 0:12:30]} h5 {[%emt 0:08:30]} 14. f3 {[%emt 0:20:08]} Nh7 {[%emt 0:05:35]} 15. Bd2 {[%emt 0:22:36]} Qd8 {[%emt 0:23:16]} 16. b4 {[%emt 0:04:13]} Nd7 {[%emt 0:00:17]} 17. bxa5 {[%emt 0:02:42]} Bxc4 {[%emt 0:00:19]} 18. Bxc4 {[%emt 0:00:58]} Rxa5 {[%emt 0:00:09]} 19. a4 {[%emt 0:04:01]} 1/2-1/2

[Event "Fagernes GM-A 2019"]
[Site "Fagernes"]
[Date "2019.04.21"]
[Round "9.2"]
[White "Postny, Evgeny"]
[Black "Urkedal, Frode Olav Olsen"]
[Result "1-0"]
[WhiteElo "2612"]
[BlackElo "2513"]
[Annotator "ChessBase"]
[PlyCount "188"]
[EventDate "2019.04.14"]
[EventType "tourn"]
[EventCountry "NOR"]
[SourceTitle "playchess.com"]
[Source "ChessBase"]
[SourceQuality "1"]
[TimeControl "40/7200:3600"]

1. Nf3 {[%emt 0:01:31]} Nf6 {[%emt 0:04:35]} 2. c4 {[%emt 0:00:05]} e6 {[%emt 0:02:19]} 3. Nc3 {[%emt 0:00:08]} d5 {[%emt 0:00:04]} 4. d4 {[%emt 0:00:07]} Be7 {[%emt 0:00:09]} 5. Bf4 {[%emt 0:00:12]} O-O {[%emt 0:00:17]} 6. e3 {[%emt 0:00:11]} Nbd7 {[%emt 0:01:01]} 7. c5 {[%emt 0:00:14]} c6 {[%emt 0:00:06]} 8. h3 {[%emt 0:00:38]} b6 {[%emt 0:00:09]} 9. b4 {[%emt 0:00:07]} a5 {[%emt 0:00:22]} 10. a3 {[%emt 0:00:08]} Bb7 {[%emt 0:00:05]} 11. Bd3 {[%emt 0:00:35]} Qc8 {[%emt 0:00:25]} 12. O-O {[%emt 0:00:53]} Ba6 {[%emt 0:00:07]} 13. Qc2 {[%emt 0:01:53]} Bxd3 {[%emt 0:01:21]} 14. Qxd3 {[%emt 0:00:05]} Qb7 {[%emt 0:00:22]} 15. Rfc1 {[%emt 0:09:36]} Rfc8 {[%emt 0:01:02]} 16. Nd2 {[%emt 0:10:03]} Nf8 {[%emt 0:11:30]} 17. Rcb1 {[%emt 0:07:06]} N6d7 {[%emt 0:07:59]} 18. Qc2 {[%emt 0:08:44]} axb4 {[%emt 0:05:59]} 19. axb4 {[%emt 0:00:27]} Ng6 {[%emt 0:00:07]} 20. Bg3 {[%emt 0:02:57]} e5 {[%emt 0:01:20]} 21. Rxa8 {[%emt 0:05:18]} Rxa8 {[%emt 0:02:51]} 22. Nb3 {[%emt 0:03:06]} exd4 {[%emt 0:02:54]} 23. Nxd4 {[%emt 0:00:26]} bxc5 {[%emt 0:03:00]} 24. bxc5 {[%emt 0:02:05]} Qa6 {[%emt 0:01:03]} 25. Bd6 {[%emt 0:05:09]} Bf8 {[%emt 0:14:01]} 26. Nce2 {[%emt 0:05:05]} Nge5 {[%emt 0:12:01]} 27. Bxf8 {[%emt 0:07:27]} Rxf8 {[%emt 0:01:53]} 28. Nb3 {[%emt 0:15:22]} Rb8 {[%emt 0:06:39]} 29. Ned4 {[%emt 0:00:36]} g6 {[%emt 0:05:29]} 30. Ra1 {[%emt 0:04:14]} Qc4 {[%emt 0:02:57]} 31. Rc1 {[%emt 0:00:19]} Qa6 {[%emt 0:02:11]} 32. Qc3 {[%emt 0:02:11]} Nd3 {[%emt 0:07:17]} 33. Rd1 {[%emt 0:03:50]} Nb4 {[%emt 0:03:06]} 34. Qd2 {[%emt 0:04:34]} Ne5 {[%emt 0:03:53]} 35. Ra1 {[%emt 0:01:46]} Qd3 {[%emt 0:03:49]} 36. Qxd3 {[%emt 0:00:24]} Nbxd3 {[%emt 0:00:17]} 37. Ra6 {[%emt 0:04:10]} Nb4 {[%emt 0:01:35]} 38. Ra7 {[%emt 0:00:31]} Ned3 {[%emt 0:04:23]} 39. Rc7 {[%emt 0:02:02]} Nc2 {[%emt 0:00:20]} 40. Na5 {[%emt 0:03:17]} Rb1+ {[%emt 0:00:29]} 41. Kh2 {[%emt 1:00:02]} Nxd4 {[%emt 0:10:39]} 42. exd4 {[%emt 0:00:00]} Nb4 {[%emt 0:04:49]} 43. Rb7 {[%emt 0:00:00]} Ra1 {[%emt 0:00:22]} 44. Rxb4 {[%emt 0:00:00]} Rxa5 {[%emt 0:00:05]} 45. Kg3 {[%emt 0:00:00]} Ra8 {[%emt 0:07:03]} 46. Kf4 {[%emt 0:00:00]} Re8 {[%emt 0:01:37]} 47. f3 {[%emt 0:00:00]} h6 {[%emt 0:07:55]} 48. h4 {[%emt 0:00:00]} Re6 {[%emt 0:05:26]} 49. Rb7 {[%emt 0:00:00]} Kg7 {[%emt 0:00:42]} 50. Rc7 {[%emt 0:00:00]} Kf6 {[%emt 0:00:54]} 51. Kg4 {[%emt 0:00:00]} Kg7 {[%emt 0:00:23]} 52. h5 {[%emt 0:00:00]} gxh5+ {[%emt 0:03:06]} 53. Kxh5 {[%emt 0:00:00]} Rg6 {[%emt 0:02:52]} 54. g4 {[%emt 0:00:00]} Rf6 {[%emt 0:00:15]} 55. g5 {[%emt 0:00:00]} hxg5 {[%emt 0:00:23]} 56. Kxg5 {[%emt 0:00:00]} Rxf3 {[%emt 0:01:10]} 57. Rxc6 {[%emt 0:00:00]} Rd3 {[%emt 0:00:17]} 58. Kf5 {[%emt 0:00:00]} Rxd4 {[%emt 0:00:37]} 59. Ke5 {[%emt 0:00:00]} Rd1 {[%emt 0:02:41]} 60. Rd6 {[%emt 0:00:00]} Kf8 {[%emt 0:03:36]} 61. c6 {[%emt 0:00:00]} Re1+ {[%emt 0:02:03]} 62. Kxd5 {[%emt 0:00:00]} Rd1+ {[%emt 0:01:11]} 63. Kc5 {[%emt 0:00:00]} Rc1+ {[%emt 0:00:04]} 64. Kb6 {[%emt 0:00:00]} Rb1+ {[%emt 0:00:07]} 65. Kc7 {[%emt 0:00:00]} Ke7 {[%emt 0:00:01]} 66. Rd5 {[%emt 0:00:00]} f6 {[%emt 0:00:09]} 67. Kc8 {[%emt 0:00:00]} Rc1 {[%emt 0:00:24]} 68. c7 {[%emt 0:00:00]} Ke6 {[%emt 0:00:03]} 69. Rb5 {[%emt 0:00:00]} Kd6 {[%emt 0:00:09]} 70. Rb6+ {[%emt 0:00:00]} Ke5 {[%emt 0:00:01]} 71. Kd7 {[%emt 0:00:00]} Rxc7+ {[%emt 0:00:21]} 72. Kxc7 {[%emt 0:00:00]} f5 {[%emt 0:00:02]} 73. Rb5+ {[%emt 0:00:00]} Ke4 {[%emt 0:00:00]} 74. Kd6 {[%emt 0:00:00]} f4 {[%emt 0:00:03]} 75. Rb4+ {[%emt 0:00:00]} Ke3 {[%emt 0:00:00]} 76. Ke5 {[%emt 0:00:00]} f3 {[%emt 0:00:08]} 77. Rb3+ {[%emt 0:00:00]} Ke2 {[%emt 0:00:03]} 78. Rb2+ {[%emt 0:00:00]} Ke3 {[%emt 0:00:23]} 79. Rb3+ {[%emt 0:00:00]} Ke2 {[%emt 0:00:01]} 80. Ke4 {[%emt 0:00:00]} f2 {[%emt 0:00:01]} 81. Rb2+ {[%emt 0:00:00]} Ke1 {[%emt 0:00:03]} 82. Rb1+ {[%emt 0:00:00]} Ke2 {[%emt 0:00:01]} 83. Rb2+ {[%emt 0:00:01]} Ke1 {[%emt 0:00:01]} 84. Ke3 {[%emt 0:00:04]} f1=N+ {[%emt 0:00:03]} 85. Kd3 {[%emt 0:00:01]} Ng3 {[%emt 0:00:07]} 86. Rg2 {[%emt 0:00:06]} Nf1 {[%emt 0:00:03]} 87. Re2+ {[%emt 0:00:01]} Kd1 {[%emt 0:00:02]} 88. Ra2 {[%emt 0:00:04]} Ke1 {[%emt 0:00:00]} 89. Rg2 {[%emt 0:00:00]} Kd1 {[%emt 0:00:00]} 90. Re2 {[%emt 0:00:00]} Ng3 {[%emt 0:00:00]} 91. Ra2 {[%emt 0:00:00]} Ke1 {[%emt 0:00:00]} 92. Ke3 {[%emt 0:00:00]} Nf1+ {[%emt 0:00:00]} 93. Ke4 {[%emt 0:00:00]} Nd2+ {[%emt 0:00:00]} 94. Kd3 {[%emt 0:00:00]} Nf3 {[%emt 0:00:00]} 1-0

[Event "Fagernes GM-A 2019"]
[Site "Fagernes"]
[Date "2019.04.21"]
[Round "9.3"]
[White "Vestby-Ellingsen, Mads"]
[Black "Alekseev, Evgeny"]
[Result "0-1"]
[WhiteElo "2333"]
[BlackElo "2649"]
[Annotator "TA"]
[PlyCount "108"]
[EventDate "2019.04.14"]
[EventType "tourn"]
[EventCountry "NOR"]
[SourceTitle "playchess.com"]
[Source "ChessBase"]
[SourceQuality "1"]

{[%evp 14,150,8,-3,0,9,52,0,12,3,37,0,42,10,14,-45,-35,-38,-42,-45,-34,-56,-42,-55,-57,-52,-51,-51,-54,-29,-20,-37,-34,-33,-24,-38,-43,-58,-19,-77,-66,-97,-40,-31,-33,-128,-134,-135,-147,-170,-177,-159,-146,-140,-137,-190,-189,-184,-158,-184,-191,-190,-185,-182,-175,-161,-181,-202,-198,-228,-187,-182,-190,-181,-189,-201,-181,-190,-197,-189,-193,-205,-206,-214,-165,-227,-170,-175,-159,-242,-242,-234,-235,-235,-237,-232,-214,-203,-203,-289,-271,-290,-290,-517,-455,-550,-558,-658,-664,-631,-621,-621,-621,-698,-695,-1070,-790,-1527,-1521,-1193,-1121,-1548,-1676,-1290,-1014,-3442,-958,-2775,-2867,-29973,-29974,-29976,-29977,-29977,-29978,-29980,-29981,-29979,-29979]} 1. e4 c5 2. Nf3 e6 3. d4 cxd4 4. Nxd4 a6 5. Nc3 Qc7 6. Bd3 Nf6 7. O-O Be7 8. Be3 b5 {B43: Sicilian: Kan Variation: 5 Nc3} 9. f4 b4 10. Nb1 (10. Na4 $1 $14) 10... Bb7 {The position is equal.} 11. Nd2 O-O 12. Qf3 d6 13. Qh3 Nbd7 14. Rae1 (14. a3 $11) 14... Nc5 $15 15. Bf2 Rac8 16. Kh1 {[#]} Rfe8 $146 17. Bh4 Nxd3 18. cxd3 Qc5 19. Bf2 Qh5 $1 20. Qxh5 Nxh5 21. Be3 Nf6 22. N2b3 Bf8 23. Rc1 Ng4 24. Bd2 Rxc1 25. Nxc1 e5 26. h3 (26. Ndb3 $1 $11 {keeps the balance.}) 26... Nf6 $1 $36 {[%mdl 2048] Black is more active.} 27. Ndb3 {[#]} exf4 ({Black should play} 27... Nh5 $1 $17 {[%cal Rh5g3] aiming for ...Ng3+.} 28. Kh2 Nxf4 29. Bxb4 f6) 28. Bxb4 g5 29. Ne2 {[#]} ({White should try} 29. Kg1 $15) 29... Nd5 $1 {[%mdl 512]} 30. Bd2 {[#]} (30. exd5 Rxe2) 30... f5 $1 {[%mdl 512]} 31. Ng3 (31. exf5 Rxe2) 31... fxg3 32. Rxf5 Ne7 33. Rxg5+ Ng6 34. Rxg3 {[#]} (34. Bb4 $17 {is a better defense.}) 34... d5 $1 $19 35. exd5 Bxd5 36. Bc3 Bh6 {Threatens to win with ...Bf4.} 37. Bd2 Bxd2 38. Nxd2 Re1+ 39. Kh2 Re2 40. Rg5 Bxa2 ({Don't do} 40... Rxd2 41. Rxd5 Rxb2 42. Ra5) 41. Ra5 Bf7 42. Nf3 Re6 43. Kg3 Rb6 44. h4 Kg7 45. Ng5 Be8 46. Rc5 Rd6 ({Don't play} 46... Rxb2 47. Rc7+ Kg8 48. Rc8 $17) 47. d4 h6 48. Nf3 Kf6 49. Kf2 (49. Rh5 $142) 49... Nf4 {White must now prevent ...Nd3+.} 50. Rc8 Ke7 51. b3 (51. Rc7+ $17 Ke6 52. b3) 51... Rc6 52. Ra8 Rc2+ 53. Kg3 Nh5+ ({Resist} 53... Nxg2 54. Ra7+ Kf8 55. Rxa6) 54. Kh2 Bb5 {Played: Be8-c6} 0-1

[Event "Fagernes GM-A 2019"]
[Site "Fagernes"]
[Date "2019.04.21"]
[Round "9.4"]
[White "Vovk, Andriy"]
[Black "Vorobiov, Evgeny E."]
[Result "1/2-1/2"]
[WhiteElo "2616"]
[BlackElo "2565"]
[Annotator "ChessBase"]
[PlyCount "82"]
[EventDate "2019.04.14"]
[EventType "tourn"]
[EventCountry "NOR"]
[SourceTitle "playchess.com"]
[Source "ChessBase"]
[SourceQuality "1"]
[TimeControl "40/7200:3600"]

1. e4 {[%emt 0:09:38]} c5 {[%emt 0:00:02]} 2. Nf3 {[%emt 0:00:10]} Nc6 {[%emt 0:00:06]} 3. d4 {[%emt 0:00:46]} cxd4 {[%emt 0:00:07]} 4. Nxd4 {[%emt 0:00:05]} g6 {[%emt 0:00:10]} 5. Nc3 {[%emt 0:08:46]} Bg7 {[%emt 0:00:14]} 6. Be3 {[%emt 0:00:04]} Nf6 {[%emt 0:00:05]} 7. Bc4 {[%emt 0:00:11]} O-O {[%emt 0:00:07]} 8. Bb3 {[%emt 0:00:06]} Re8 {[%emt 0:00:43]} 9. f3 {[%emt 0:03:29]} e6 {[%emt 0:00:07]} 10. f4 {[%emt 0:00:51]} d6 {[%emt 0:00:23]} 11. Ndb5 {[%emt 0:01:07]} Bf8 {[%emt 0:17:42]} 12. Qf3 {[%emt 0:00:57]} a6 {[%emt 0:08:00]} 13. Nd4 {[%emt 0:00:26]} Na5 {[%emt 0:00:18]} 14. O-O {[%emt 0:03:35]} b5 {[%emt 0:04:46]} 15. f5 {[%emt 0:05:24]} exf5 {[%emt 0:12:30]} 16. Bg5 {[%emt 0:06:51]} Nxb3 {[%emt 0:03:28]} 17. axb3 {[%emt 0:03:15]} Bb7 {[%emt 0:03:12]} 18. Nxf5 {[%emt 0:04:33]} gxf5 {[%emt 0:03:04]} 19. Qxf5 {[%emt 0:00:26]} Bg7 {[%emt 0:05:38]} 20. Bxf6 {[%emt 0:01:06]} Qxf6 {[%emt 0:00:45]} 21. Qxf6 {[%emt 0:00:09]} Bxf6 {[%emt 0:00:03]} 22. Rxf6 {[%emt 0:00:05]} b4 {[%emt 0:00:44]} 23. Ne2 {[%emt 0:03:34]} Rxe4 {[%emt 0:02:24]} 24. Ng3 {[%emt 0:04:03]} Re6 {[%emt 0:07:39]} 25. Rf2 {[%emt 0:11:58]} Rc8 {[%emt 0:03:06]} 26. Nf5 {[%emt 0:04:49]} Be4 {[%emt 0:05:40]} 27. Nd4 {[%emt 0:07:38]} Re5 {[%emt 0:00:18]} 28. Rxa6 {[%emt 0:07:25]} Rd5 {[%emt 0:00:15]} 29. Rd2 {[%emt 0:01:09]} Rxc2 {[%emt 0:03:46]} 30. Rxc2 {[%emt 0:01:34]} Bxc2 {[%emt 0:00:06]} 31. Nxc2 {[%emt 0:00:02]} Rd1+ {[%emt 0:00:06]} 32. Kf2 {[%emt 0:00:09]} Rd2+ {[%emt 0:00:05]} 33. Kf3 {[%emt 0:00:06]} Rxc2 {[%emt 0:00:05]} 34. Rxd6 {[%emt 0:02:31]} Rxb2 {[%emt 0:00:07]} 35. Rd3 {[%emt 0:00:03]} Kg7 {[%emt 0:00:42]} 36. h3 {[%emt 0:01:15]} h5 {[%emt 0:01:09]} 37. g3 {[%emt 0:04:38]} Kg6 {[%emt 0:01:47]} 38. Ke4 {[%emt 0:01:13]} f6 {[%emt 0:01:57]} 39. Kf4 {[%emt 0:06:44]} Rf2+ {[%emt 0:01:17]} 40. Ke3 {[%emt 0:00:57]} Rg2 {[%emt 0:01:15]} 41. Kf4 {[%emt 1:00:38]} Rf2+ {[%emt 1:00:11]} 1/2-1/2

[Event "Fagernes GM-A 2019"]
[Site "Fagernes"]
[Date "2019.04.21"]
[Round "9.5"]
[White "Romanov, Evgeny"]
[Black "Blomqvist, Erik"]
[Result "1/2-1/2"]
[WhiteElo "2576"]
[BlackElo "2496"]
[Annotator "ChessBase"]
[PlyCount "91"]
[EventDate "2019.04.14"]
[EventType "tourn"]
[EventCountry "NOR"]
[SourceTitle "playchess.com"]
[Source "ChessBase"]
[SourceQuality "1"]
[TimeControl "40/7200:3600"]

1. d4 {[%emt 0:09:30]} Nf6 {[%emt 0:00:21]} 2. Nc3 {[%emt 0:00:16]} d5 {[%emt 0:00:40]} 3. Bf4 {[%emt 0:00:09]} c5 {[%emt 0:00:21]} 4. e3 {[%emt 0:00:29]} cxd4 {[%emt 0:01:16]} 5. exd4 {[%emt 0:01:11]} a6 {[%emt 0:00:10]} 6. Nf3 {[%emt 0:13:45]} Bg4 {[%emt 0:06:15]} 7. h3 {[%emt 0:02:56]} Bxf3 {[%emt 0:00:37]} 8. Qxf3 {[%emt 0:00:07]} Nc6 {[%emt 0:00:12]} 9. O-O-O {[%emt 0:03:32]} e6 {[%emt 0:00:15]} 10. g4 {[%emt 0:01:31]} Bd6 {[%emt 0:03:44]} 11. Ne2 {[%emt 0:11:01]} Qc7 {[%emt 0:20:31]} 12. Bxd6 {[%emt 0:10:14]} Qxd6 {[%emt 0:00:05]} 13. h4 {[%emt 0:00:11]} O-O-O {[%emt 0:05:57]} 14. Bg2 {[%emt 0:02:51]} Qc7 {[%emt 0:02:18]} 15. Kb1 {[%emt 0:00:16]} Kb8 {[%emt 0:00:55]} 16. Rc1 {[%emt 0:12:36]} h5 {[%emt 0:03:31]} 17. g5 {[%emt 0:01:15]} Ne4 {[%emt 0:00:06]} 18. Rhd1 {[%emt 0:03:59]} Nd6 {[%emt 0:00:25]} 19. Bh3 {[%emt 0:00:45]} g6 {[%emt 0:02:42]} 20. b3 {[%emt 0:00:38]} b5 {[%emt 0:00:55]} 21. c3 {[%emt 0:06:30]} Ka7 {[%emt 0:03:12]} 22. Nf4 {[%emt 0:00:38]} Rb8 {[%emt 0:01:05]} 23. Nd3 {[%emt 0:01:27]} Rhc8 {[%emt 0:02:32]} 24. Qe3 {[%emt 0:00:41]} Rb6 {[%emt 0:01:59]} 25. f4 {[%emt 0:02:50]} a5 {[%emt 0:12:36]} 26. Bg2 {[%emt 0:02:23]} a4 {[%emt 0:08:52]} 27. Nc5 {[%emt 0:00:20]} Na5 {[%emt 0:02:33]} 28. b4 {[%emt 0:05:07]} Nac4 {[%emt 0:00:19]} 29. Qf2 {[%emt 0:00:07]} Nf5 {[%emt 0:04:24]} 30. Re1 {[%emt 0:00:04]} Rh8 {[%emt 0:02:31]} 31. Bf1 {[%emt 0:00:18]} Ncd6 {[%emt 0:00:05]} 32. Bd3 {[%emt 0:00:12]} Rc6 {[%emt 0:00:33]} 33. Re5 {[%emt 0:01:20]} Qc8 {[%emt 0:02:14]} 34. Rce1 {[%emt 0:02:48]} Rb6 {[%emt 0:01:14]} 35. R1e2 {[%emt 0:04:07]} Rc6 {[%emt 0:00:50]} 36. Qe1 {[%emt 0:00:50]} Rg8 {[%emt 0:01:42]} 37. Rh2 {[%emt 0:00:38]} Rh8 {[%emt 0:01:47]} 38. Rg2 {[%emt 0:00:29]} Rg8 {[%emt 0:03:52]} 39. Qd1 {[%emt 0:04:30]} Rb6 {[%emt 0:02:44]} 40. Bxf5 {[%emt 0:03:18]} Nxf5 {[%emt 0:00:31]} 41. Rxf5 {[%emt 0:04:49]} exf5 {[%emt 0:00:58]} 42. Re2 {[%emt 0:01:47]} Re8 {[%emt 0:00:42]} 43. Re5 {[%emt 0:08:53]} Rxe5 {[%emt 0:02:10]} 44. dxe5 {[%emt 0:01:46]} Qc6 {[%emt 0:01:48]} 45. Qd4 {[%emt 0:00:40]} Ka8 {[%emt 0:03:01]} 46. a3 {[%emt 0:09:14]} 1/2-1/2

[Event "Fagernes GM-A 2019"]
[Site "Fagernes"]
[Date "2019.04.21"]
[Round "9.6"]
[White "Hauge, Lars Oskar"]
[Black "Mikalsen, Erlend"]
[Result "1/2-1/2"]
[WhiteElo "2472"]
[BlackElo "2397"]
[Annotator "ChessBase"]
[PlyCount "37"]
[EventDate "2019.04.14"]
[EventType "tourn"]
[EventCountry "NOR"]
[SourceTitle "playchess.com"]
[Source "ChessBase"]
[SourceQuality "1"]
[TimeControl "40/7200:3600"]

1. d4 {[%emt 0:09:16]} Nf6 {[%emt 0:00:13]} 2. c4 {[%emt 0:00:08]} e6 {[%emt 0:00:08]} 3. Nc3 {[%emt 0:00:10]} Bb4 {[%emt 0:00:03]} 4. Qc2 {[%emt 0:00:04]} O-O {[%emt 0:00:05]} 5. e4 {[%emt 0:00:06]} d5 {[%emt 0:00:11]} 6. e5 {[%emt 0:02:32]} Ne4 {[%emt 0:00:10]} 7. Bd3 {[%emt 0:00:02]} c5 {[%emt 0:00:07]} 8. Nf3 {[%emt 0:01:50]} cxd4 {[%emt 0:00:42]} 9. Nxd4 {[%emt 0:00:20]} Nd7 {[%emt 0:00:16]} 10. Bf4 {[%emt 0:00:11]} Qh4 {[%emt 0:04:11]} 11. g3 {[%emt 0:03:12]} Qh5 {[%emt 0:00:19]} 12. h4 {[%emt 0:01:48]} Nxe5 {[%emt 0:01:00]} 13. Be2 {[%emt 0:01:28]} Ng4 {[%emt 0:00:14]} 14. Bxg4 {[%emt 0:01:16]} Qxg4 {[%emt 0:00:05]} 15. f3 {[%emt 0:00:09]} Qh5 {[%emt 0:00:43]} 16. g4 {[%emt 0:00:42]} Qg6 {[%emt 0:00:04]} 17. fxe4 {[%emt 0:00:19]} e5 {[%emt 0:00:02]} 18. O-O-O {[%emt 0:00:44]} Bxc3 {[%emt 0:03:17]} 19. Nf5 {[%emt 0:01:27]} 1/2-1/2